अंतिम मिलन/ (Record no. 202555)

MARC details
000 -LEADER
fixed length control field 00777nam a22002057a 4500
005 - DATE AND TIME OF LATEST TRANSACTION
control field 20240502144001.0
010 ## - LCCN (DPL NO)
LC control number HIN-127460
020 ## - INTERNATIONAL STANDARD BOOK NUMBER
Terms of availability 350.00
International Standard Book Number 9788195270071
035 ## - SYSTEM CONTROL NUMBER
System control number HN-99806
037 ## - SOURCE OF ACQUISITION
Source of stock number/acquisition DBAD
082 ## - DEWEY DECIMAL CLASSIFICATION NUMBER
Classification number
100 ## - MAIN ENTRY--PERSONAL NAME
Personal name प्रसाद, दुर्गा
245 ## - TITLE STATEMENT
Title अंतिम मिलन/
Statement of responsibility, etc दुर्गा प्रसाद
260 ## - PUBLICATION, DISTRIBUTION, ETC. (IMPRINT)
Place of publication, distribution, etc कोलकाता
Name of publisher, distributor, etc नवीन प्रकाशन
Date of publication, distribution, etc 2022
270 ## - ADDRESS
Address 454 रवीन्द्र सरणी नियर बी.के पाल
City कोलकाता
Postal code 700005
300 ## - PHYSICAL DESCRIPTION
Extent 137पृ.
Dimensions 22सेमी.(साजिल्द)
650 ## - SUBJECT ADDED ENTRY--TOPICAL TERM
Topical term or geographic name as entry element हिन्दी उपन्यास
700 ## - ADDED ENTRY--PERSONAL NAME
9 (RLIN) 64809
942 ## - ADDED ENTRY ELEMENTS (KOHA)
Source of classification or shelving scheme Dewey Decimal Classification
Item type Hindi Books
Classification part
Call number suffix प्रसाद
Holdings
Withdrawn status Lost status Not for loan Collection code Home library Current library Date acquired Source of acquisition Cost, normal purchase price Full call number Barcode Copy number Cost, replacement price Koha item type
      Fiction Ashok Vihar Ashok Vihar 02/05/2024 DBAD 350.00 उ प्रसाद HN-99806 1 350.00 Hindi Books

© Delhi Public Library
Hit Counter
free hit counter